Quizzes
Events
Quiz Creation
Community
Videos
Private Events
Remove Ads
Sign In
Join for FREE
Feedback
Dark Mode
Quiz Categories
Sports
Geography
Music
Movies
Television
Just For Fun
Miscellaneous
History
Literature
Language
Science
Gaming
Entertainment
Religion
Holiday
For Kids
Quiz Lab
Recent
Popular Today
Quiz Kudos Today
Editor Picks
Curator Picks
Quizzes by...
Day
Popularity
Type
Ratings
Length
Year
Community
Subscriptions
Recent Discussions
Orange Saloon
Badges
Playlists
Quests
Create
Leaderboards
Showdown
Live 5
Trivia Bingo
Activity
Puzzle Library
Sporcle Events
Private Events
Virtual Trivia
Globe League
Become a Host
Pub Owners
SporcleCon
Opinionation
Our Games
Videos
Blog
Mobile Apps
Partnerships
Remove Ads and Go Orange
Feedback
Television
TV Characters
TV Show
Sitcom
Network
Friends
Reality Shows
Cast
South Park
Star Trek
The Simpsons
Doctor Who
Television
TV Characters
TV Show
Sitcom
Network
Friends
Reality Shows
Cast
South Park
Star Trek
The Simpsons
Doctor Who
Random Quiz
Search Sporcle
×
Quiz Lab
Quiz Lab
Television
season
Type in answers that appear in a list
Type in answers that appear in a list
Classic
Best Score? Go Orange.
Homer Simpson's Jobs! Stats
Can you name the Jobs held by Homer Simpson season 1 to 21?
By
Spudrifle
14m
97 Questions
143 Plays
143 Plays
143 Plays
Comments
Comments
Give Quiz Kudos
Give Quiz Kudos
-
- Ratings
hide this ad
Replay
Link that replays current quiz
Next Quiz
Link to next quiz in quiz playlist
You Got
0%
They Got
Avg Score
24%
Avg Friend Score
Upgrade to see
Score Distribution
Jump to the score distribution portion of the page
Score
0/97
Timer
14:00
0
Plays Today
Job Title
% Correct
Nuclear Safety Inspector
71.3%
Astronaut
61.5%
Baby-proofer
60.1%
Bartender
58%
Chief of Police
53.8%
Musician
53.8%
Voice Actor
50.3%
Opera Singer
49%
Teacher
48.3%
Convenience Store
46.9%
Personal Assistant
45.5%
Clown
43.4%
Monorail Conductor
43.4%
Ice Cream Truck
42.7%
Duffman
42%
Mascot
42%
Bodyguard
41.3%
Trucker
41.3%
Snow plow
40.6%
Agent
39.2%
Ambulance Driver
38.5%
Choreographer
37.8%
Con artist
37.8%
Door-to-door Sugar
37.8%
Performance Artist
37.1%
Food Critic
36.4%
Tow Truck Driver
36.4%
Chauffeur
35.7%
Door-to-door Spring
33.6%
Boxer
32.2%
Carny
32.2%
Mini-golf assistant
32.2%
Door-to-door Knife
31.5%
Job Title
% Correct
Mayor of Springfield
31.5%
Conceptual Artist
30.8%
Farmer
30.8%
Door-to-door Tonic
30.1%
Butler
29.4%
Manure Salesman
29.4%
Army Private
28.7%
Mattress Salesman
28.7%
Fireman
28%
Mob Boss
28%
CEO
26.6%
Chef
23.8%
Fortune Cookie Writer
23.8%
Child minder
23.1%
Navy
22.4%
Football Coach
21.7%
Blackjack dealer
21%
Inventor
20.3%
Bounty Hunter
17.5%
Chiroprachter
17.5%
Paparazzo
17.5%
Car Designer
16.8%
Film Critic
16.1%
Fish Gutter
16.1%
Guard
16.1%
Mall Santa
16.1%
Attack-dog trainer
15.4%
Fisherman
14.7%
Missionary
13.3%
Referee
13.3%
Arm Wrestler
12.6%
Boot-legger
12.6%
Executive
12.6%
Job Title
% Correct
Film Producer
12.6%
Garbage Commissioner
11.9%
Mountain Climber
11.9%
Owner of Ziff Corp
11.9%
Minister
11.9%
Talk Show Host
11.2%
Executive
10.5%
Softball Player
9.8%
Candle maker
9.1%
Prank Monkey
9.1%
Superhero
9.1%
Grease Collector
8.4%
Marriage Counselor
8.4%
Mexican Wrestler
8.4%
Safety Salamander
8.4%
Hitman
7.7%
FBI Informant
7%
Silhouette Model
7%
Gulp 'n' Blow
7%
Roadie
6.3%
Railroad Engineer
4.9%
Beef jerky
4.2%
Oil-rig
4.2%
Rollercoaster Rebuilder
4.2%
Sprawl Mart Greeter
4.2%
Telemarketer
4.2%
Public Speaker
3.5%
Tomacco Creator
3.5%
Founder
2.8%
Town Cryer
2.8%
Foot Locker
1.4%
Quiz Playlist
Details
Report
Send in Message
Add To Playlist
Classic:
Type in answers that appear in a list
Last Updated: Feb 16, 2017
Quiz Scoreboard
CHALLENGE
Sign Up to Join the Scoreboard
Show All
Scores
Hide
Comments
May contain spoilers
Recently Published
TV Characters by Other Roles V
by ghcgh
Television
5m
Decade Duel: World Leaders
by jenniferyan
History
4m
Alphabetical 'K' Countries by Flag Minefield
by ylime102
Geography
3m
More to Explore
Quiz From the Vault
Featured Blog Post
15 Basketball Trivia Facts You Can Be March Mad About
hide this ad
You Might Also Like...
Tags
Homer
Homer Simpson
job
season
Today's Top Quizzes in Television
Browse Television
hide this ad
Today's Top Quizzes in season
Browse season
Top Contributed Quizzes in Television
1
Hidden Simpsons Character
2
First Name TV: Leading Men
3
Hidden Simpsons Character XXIV
4
First Name TV: Leading Women Drama
5
One Piece Logic Puzzle
6
Hidden Simpsons Character II
7
Hidden Simpsons Character XXV
8
Hidden Simpsons Character XXVI
9
Hidden Simpsons Character III
10
Pick A Pair: Religious TV
Explore More
Trending Topics
Marvel
Crossword
NBA
Harry Potter
Disney
Kpop
Anime
Pokémon
The Office
Song
Country
Soccer
WWE
Puzzle
NFL
hide this ad
More By:
Spudrifle
Quiz
Plays
Rating
Category
Featured
Created
Homer Simpson's Jobs!
143
3.50
Television
Apr 25, 2010
Meat or Fish
43
1.33
Just For Fun
Nov 16, 2018
Go to Creator's Profile
Score Distribution
Quiz Creator Spotlight
Spudrifle
Follow
Send a Message
Quizzes Created
-
Created Quiz Play Count
-
More By This Creator
Popular Quizzes Today
1
Countries of Asia Without Outlines Minefield
2
Find the US States - No Outlines Minefield
3
Pick 6: Fruits
4
The Countries of the World
5
Alphabetical 'K' Countries by Flag Minefield
6
Find the Countries of Europe - No Outlines Minefield
7
US States
8
Find the US States
More Television Quizzes
4 Decades of TV Show Premieres
Published
Trending Quizzes
Pick 6: Mountains
Pick 6: Harry Potter
Pick 6: Flags
Pick 6: NFL Teams
Pick 6: Movie Franchises
Recently Updated
Adaptations: Name the Title
pecheneg
NWSL Teams
pecheneg
Women's Final Four Teams by Year
bhenderson79
Presidents Quartet II
eogle
Anything But Clue(do)
eogle
Anything But Oceanian Capitals
eogle
Anything But 7
eogle
Anything But Thing
eogle
Word Ladder: February 29
pecheneg
Song Title Questions
pecheneg
Trending Topics
Marvel
Anime
Kpop
Harry Potter
Disney
Crossword
NBA
Puzzle
Soccer
NFL
Song
Country
Pokémon
The Office
WWE
Your Account Isn't Verified!
In order to create a playlist on Sporcle, you need to verify the email address you used during registration. Go to your
Sporcle Settings
to finish the process.
Report this User
Report this user for behavior that violates our
Community Guidelines
.
Details:
Send Report
Go to the Sporcle.com Mobile Site →
Comments